|
|
|
|
| LEADER |
00000nab a2200000 a 4500 |
| 001 |
vtls000669695 |
| 003 |
SK-MaSNL |
| 005 |
20260303190406.0 |
| 008 |
161006c1994 xo 0 slo |
| 015 |
|
|
|a SNBRA1998/08-21825
|
| 035 |
|
|
|a CLN000021874
|
| 040 |
|
|
|a SNKBUCL
|b slo
|c SNKBUCL
|e AACR2
|
| 041 |
0 |
|
|a slo
|
| 044 |
|
|
|a xo
|c SK
|
| 080 |
|
|
|a 904(437.6):737.1"14/16":902
|2 1997
|
| 080 |
|
|
|a 737.1(437.6):902
|2 1997
|
| 080 |
|
|
|a 902(437.6)
|2 1997
|
| 100 |
1 |
|
|a Hunka, Ján,
|d 1958-2021
|4 aut
|9 211368
|
| 245 |
1 |
0 |
|a Zaujímavé nálezy mincí z Hlohovca
|c Ján Hunka, Peter Novosedlík
|
| 300 |
|
|
|b Obr.
|
| 504 |
|
|
|a Res. angl., nem.
|
| 504 |
|
|
|a Bibliogr. odkazy
|
| 650 |
0 |
7 |
|a mince
|2 snkbucl
|9 2305
|
| 651 |
|
7 |
|a 203
|2 snkbucl
|9 295519
|
| 651 |
|
7 |
|a Hlohovec (Slovensko)
|2 snkbucl
|9 31468
|
| 655 |
|
7 |
|a články zo zborníkov
|2 snkbucl
|9 166140
|
| 700 |
1 |
|
|a Novosedlík, Peter,
|d 1964-
|4 aut
|9 103894
|
| 773 |
0 |
|
|w SK01SNK19980272393
|z 809679382X
|t Balneologický spravodajca 1993-1994
|d Piešťany : Balneologické múzeum, 1994
|g S. 222-230
|
| 850 |
|
|
|a Slovenská národná knižnica v Martine
|
| 852 |
|
|
|a SNK
|b KIS3GCP
|
| 958 |
|
|
|a SK
|
| 958 |
|
|
|a NB
|
| 999 |
|
|
|c 2136012
|d 2137942
|